El Fenómeno de la corrupción /

Gespeichert in:
Bibliographische Detailangaben
1. Verfasser: Fraga, Rosendo
Format: Text
Schlagworte:
Tags: Tag hinzufügen
Keine Tags, Fügen Sie den ersten Tag hinzu!

MARC

LEADER 00000 a a2200000 04500
001 3790
003
040
100 |a Fraga, Rosendo  
245 |a El Fenómeno de la corrupción /  |c Rosendo Fraga 
650 |a PROBLEMAS SOCIALES  
650 |a CORRUPCION  
773 |g volumen 15, número 1 (57); páginas 181-200  
999 |c 23335  |d 23335